00753cam a22002291 4500001001300000003000400013005001700017008004100034010001700075035002000092040003700112041001300149042001200162050001800174100004500192245011500237260005500352300002600407500003400433700004100467999001500508af 48004519 DLC20260227110908.0890227s1940 ne a 000 0 dut c aaf 48004519  a(OCoLC)19274873 aCalifornia. Univ. Libr.cCUdDLC1 aduthger apremarc00aPT1971.M2bD81 aGoethe, Johann Wolfgang von,d1749-1832.13aDe groene slang,been sprookje.cVertaling en illustraties van André Vlaanderen, ingeleid door P. de Keyser. aAmsterdam,bWereld-Bibliotheek-Vereeniging,c1940. a68 p.billus.c17 cm. aTranslation of Ein Märchen.1 aVlaanderen, André,etr. and illus. c6088d6088